Devine le pays grâce à l'oiseau - Statistiques

Statistiques générales
  • Ce quiz a été pris 25 fois
  • Le résultat moyen est 11 sur 12
Statistiques - réponses
Par images Réponse % Correct
Allemagne
100%
Argentine
100%
Brésil
100%
Etats-Unis
100%
France
100%
Italie
100%
Japon
100%
Canada
95%
Grèce
95%
Suède
64%
Egypte
59%
Kenya
41%
Aucun quiz correspondant
Distribution des résultats
% des personnes avec chaque résultat
Percentile par nombre de réponses
Votre historique - résultats
Vous n’avez pas pris ce quiz